Ruský jazyk pre 4. ročník základnej deväťročnej školy

Bibliographic Details
Main Authors: Eliáš, Štefan (Author), Šmittová, Karla (Author)
Other Authors: Adamcová, Jiřina, 1927-2019 (Illustrator)
Format: Book
Language:Slovak
Russian
PhysicalDescription:139 strán fotografie, noty, tabuľky 21 cm
Published: Bratislava Slovenské pedagogické nakladateľstvo 1970
Edition:5. vyd.
Subjects:

MARC

LEADER 00000cam a2200000 a 4500
001 vtls008317220
003 SK-MaSNL
005 20260427075415.0
008 230501s1970 xo ogl crp 000 0 slo
015 |a SNBA1970/03-00633 
020 |q (viazané) 
035 |a SK01SNK19700009437 
035 |a 9CF34EC8-993C-453A-83C7-D186A1BE95AD 
035 |a urn:nbn:sk:snk-am00icwo 
035 |a SKM000011900 
040 |a SNK  |b slo  |c SNK  |e AACR2 
041 0 |a slo  |a rus 
044 |a xo  |c SK 
072 7 |a 811.161.1  |x Ruština  |2 konspekt 
072 7 |a 37.016  |x Učebné osnovy. Vyučovacie predmety. Učebnice  |2 konspekt 
080 |a 811.161.1  |2 2011 
080 |a (075.2)  |2 2011 
100 1 |a Eliáš, Štefan  |4 aut  |9 241973 
245 1 0 |a Ruský jazyk pre 4. ročník základnej deväťročnej školy  |c Štefan Eliáš a Karla Šmittová ; ilustrácie Jiřina Adamcová 
250 |a 5. vyd. 
260 |a Bratislava  |b Slovenské pedagogické nakladateľstvo  |c 1970 
300 |a 139 strán  |b fotografie, noty, tabuľky  |c 21 cm 
366 |e 25110 výtl. 
500 |a Fotografia na frontispice. Slovník 
546 |a Súbežný text rusky 
650 0 7 |a ruština  |2 SNKPH  |9 1346 
655 7 |a učebnice základných škôl  |2 SNKPH  |9 70187 
700 1 |a Šmittová, Karla  |4 aut  |9 340091 
700 1 |a Adamcová, Jiřina,  |d 1927-2019  |4 ill  |9 200703 
852 |a Slovenská národná knižnica 
954 |a odborná, vedecká literatúra pôvodná (slovenská)  |2 lita 
958 |a RK 
958 |a TL 
958 |a DB 
958 |a OND 
958 |a UC 
958 |a EUIPO 
999 |c 585809  |d 587739 
952 |t P60, <04>, [BOOK], {604}  |a SNK  |b SNK  |y VYP  |7 0  |p 17A0430622  |o snkSC 25760 D1  |i snkKSP 3106/70  |0 0  |1 0  |4 0  |d 2004-06-18  |l 0  |r 2005-01-02 00:00:00  |w 2026-02-23 
952 |a SNK  |b SNK  |y PREZ  |7 0  |p 17A0931567  |o snkSC 25760  |i snkKSP 3105/70  |0 0  |1 0  |4 0  |d 2012-08-28  |f 1  |l 0  |r 2026-02-23 15:07:29  |w 2026-02-23